000 00523nam a2200217Ia 4500
003 OSt
005 20220928143400.0
006 a|||||r|||| 00| 0
007 ta
008 220927b |||||||| |||| 00| 0 eng d
024 _a21770
037 _cTextual
040 _aSDCL
_cSDCL
_beng
041 _2eng
_aeng
082 _aQv1, M6
100 _aHerder B
_9505156
245 0 _aLectures on the History of religions.
260 _c1986
942 _hQv1, M6
_cTEXL
_2CC
999 _c823792
_d823792